La ética pública y el juicio de residencia (Registro nro. 31466)

Detalles MARC
000 -LEADER
fixed length control field 00319 a2200109 4500
001 - CONTROL NUMBER
control field ART_30494
005 - DATE AND TIME OF LATEST TRANSACTION
control field 20260410162003.0
008 - FIXED-LENGTH DATA ELEMENTS--GENERAL INFORMATION
fixed length control field 260409a
100 1# - MAIN ENTRY--PERSONAL NAME
Personal name Castagno, Antonio
245 10 - TITLE STATEMENT
Title La ética pública y el juicio de residencia
773 0# - HOST ITEM ENTRY
Title Foro político
Related parts - Vol. XIX (abr. 1997)
Record control number REV30389

No hay ítems disponibles.